000 00676 a2200181 4500
003 Nust
005 20170207153206.0
040 _cNust
082 _a005.1
100 _aRehman, -ur-Taufique (MSCS-5)
245 _aDesign and development web-based automated messaging system
_cTaufique-ur -Rehman
260 _bMCS,NUST
_c2004
_aRawalpindi
300 _aix, 104, p.
505 _aIntroduction (page-1) Internet world wide web and E-Commerce (page-6) Model web application for sales services (page-15) Presentation tier (page-46) Database tier (page-69) Discussion and future work (page-75)
538 _aAlmirah No 73 Shelf No 1
650 _aPG Thesis
651 _aMSCS-5
942 _cTHS
999 _c181223
_d181223